| 000 | 00599nam a2200241 a 4500 | ||
|---|---|---|---|
| 001 | nice12345678 | ||
| 003 | IN_TiNIC | ||
| 005 | 20260116011501.0 | ||
| 008 | 050524s1924 shia grp 000 0 eng | ||
| 020 |
_a _c0 |
||
| 082 | 0 | 0 |
_a509 _bWIN |
| 100 | _aWindelband, W | ||
| 245 | _aHistory of Ancient Philosophy. | ||
| 260 |
_aShimla _bIndian Institute _c1924 |
||
| 300 | _a393p | ||
| 500 | _aincludes index and biblioraphy | ||
| 505 | 2 | _aBibliography, Index, General Index | |
| 650 | _aPhilosophy-Ancient | ||
| 700 | 1 | _aWindelband, W | |
| 902 | _bSRS | ||
| 942 | _cBK | ||
| 999 |
_c1945 _d1945 |
||